[Event "C.to Provinciale CO"]
[Site "Mariano Comense ITA"]
[Date "2005.03.12"]
[Round "4"]
[White "Pede, Lucio"]
[Black "Piemonti, Carlo"]
[Result "0-1"]
[WhiteElo "1694"]
[BlackElo "1850"]
[PlyCount "110"]
[EventDate "2005.03.05"]

1. e4 c5 2. c3 d5 3. exd5 Qxd5 4. d4 Nf6 5. c4 Qxd4 6. Qxd4 cxd4 7. Nf3 Nc6 8.
Na3 a6 9. Bg5 e5 10. Nc2 Bf5 11. Bxf6 gxf6 12. O-O-O O-O-O 13. Nh4 Bg6 14. Nxg6
fxg6 15. f3 h5 16. Bd3 f5 17. g3 Bg7 18. Kb1 a5 19. a3 Rhe8 20. Rhe1 Bf8 21. h3
Bd6 22. g4 Ne7 23. c5 Bc7 24. Bb5 Nc6 25. Bxc6 bxc6 26. b4 Kb7 27. Ka2 hxg4 28.
hxg4 fxg4 29. fxg4 d3 30. Ne3 axb4 31. axb4 e4 32. Kb3 Bf4 33. Kc3 Ra8 34. Kb3
Rad8 35. Kc3 Bg3 36. Rf1 Rf8 37. Rxf8 Rxf8 38. Kd4 Bf2 39. Kxe4 Re8+ 40. Kf3
Bxe3 41. Rxd3 Bc1 42. Rd6 g5 43. b5 cxb5 44. Rb6+ Kc7 45. Rxb5 Re5 46. Ra5 Kc6
47. Ra8 Rxc5 48. Rc8+ Kd5 49. Rf8 Rc3+ 50. Kg2 Bf4 51. Rd8+ Ke4 52. Re8+ Be5
53. Kf2 Rc2+ 54. Kf1 Kf4 55. Re6 Rc5 0-1

[Event "C.to Provinciale CO"]
[Site "Mariano Comense ITA"]
[Date "2005.03.12"]
[Round "4"]
[White "Perissinotto, Claudio"]
[Black "Bernasconi, Roberto"]
[Result "1-0"]
[WhiteElo "2100"]
[BlackElo "1803"]
[PlyCount "71"]
[EventDate "2005.03.05"]

1. e4 e5 2. Nf3 Nf6 3. Nxe5 d6 4. Nf3 Nxe4 5. d4 d5 6. Bd3 Be7 7. O-O Nc6 8.
Re1 Bg4 9. c3 f5 10. Nbd2 O-O 11. Qb3 Kh8 12. Qxb7 Rf6 13. Qb3 Rb8 14. Qc2 Rg6
15. Ne5 Nxe5 16. dxe5 Bc5 17. Nxe4 fxe4 18. Bf1 Qh4 19. Be3 Bxe3 20. Rxe3 Rgb6
21. b3 Qh5 22. h3 Rh6 23. Rae1 Qxe5 24. f3 Bf5 25. fxe4 dxe4 26. Bd3 Rh4 27.
Bxe4 Rxe4 28. Rxe4 Bxe4 29. Qxe4 Qc5+ 30. Qd4 Qa3 31. Qb4 Qxb4 32. cxb4 Kg8 33.
Re7 Rxb4 34. Rxc7 a5 35. Rc5 Kf7 36. Rxa5 1-0

[Event "C.to Provinciale CO"]
[Site "Mariano Comense ITA"]
[Date "2005.03.12"]
[Round "4"]
[White "Revinelli, Sergio"]
[Black "Buonocore, Elio"]
[Result "0-1"]
[WhiteElo "1834"]
[BlackElo "2170"]
[PlyCount "136"]
[EventDate "2005.03.05"]

1. e4 c5 2. Nf3 Nc6 3. d4 cxd4 4. Nxd4 Nf6 5. Nc3 e5 6. Ndb5 d6 7. Bg5 a6 8.
Na3 b5 9. Bxf6 gxf6 10. Nd5 f5 11. Bxb5 axb5 12. Nxb5 Ra4 13. Nbc7+ Kd7 14. O-O
Rg8 15. g3 Rxe4 16. Qh5 Qg5 17. Qxf7+ Be7 18. Ne6 Nd8 19. Nxg5 Nxf7 20. Nxf7
Bb7 21. Nxe7 Kxe7 22. Nh6 Rf8 23. Rae1 Rxe1 24. Rxe1 Ke6 25. Nxf5 Rxf5 26. c4
Bf3 27. Rc1 Rf8 28. Kf1 e4 29. Ke1 Ke5 30. Rc2 Kd4 31. Rd2+ Kxc4 32. Rxd6 Ra8
33. a3 Kb3 34. Kd2 Kxb2 35. a4 Rxa4 36. Rb6+ Ka3 37. Kc3 Ra7 38. Rb8 Rc7+ 39.
Kd2 Rc4 40. Rb1 Rb4 41. Ra1+ Kb2 42. Re1 Rb3 43. Re3 Rb4 44. Re1 Rb3 45. Re3
Rxe3 46. Kxe3 Kc3 47. h3 Kc4 48. g4 Kd5 49. Kf4 Kd4 50. h4 Kd5 51. h5 Ke6 52.
g5 Bxh5 53. Kxe4 Bg6+ 54. Kf4 Bc2 55. f3 Bf5 56. Ke3 Ke5 57. f4+ Kd5 58. Kf3
Kd4 59. Kf2 Ke4 60. Kg3 Ke3 61. g6 hxg6 62. Kg2 Kxf4 63. Kf2 Bd7 64. Kg2 Kg4
65. Kf2 g5 66. Kg2 Bc6+ 67. Kh2 Bb7 68. Kg1 Kg3 0-1

[Event "C.to Provinciale CO"]
[Site "Mariano Comense ITA"]
[Date "2005.03.12"]
[Round "4"]
[White "Rossi, Giampiero"]
[Black "Gagliardi, Christian"]
[Result "0-1"]
[WhiteElo "2029"]
[BlackElo "2091"]
[PlyCount "58"]
[EventDate "2005.03.05"]

1. d4 Nf6 2. c4 g6 3. g3 Bg7 4. Bg2 O-O 5. Nc3 d6 6. Nf3 Nbd7 7. O-O e5 8. Qc2
exd4 9. Nxd4 Re8 10. Rd1 a6 11. e3 Rb8 12. b3 Ne5 13. h3 Bd7 14. Bb2 Qc8 15.
Kh2 h5 16. Nde2 h4 17. gxh4 Bxh3 18. Bxh3 Nf3+ 19. Kg3 Nh5+ 20. Kxf3 Qxh3+ 21.
Ng3 Nxg3 22. fxg3 Rxe3+ 23. Kxe3 Qxg3+ 24. Ke2 Qg2+ 25. Kd3 Qf3+ 26. Kd2 Bh6+
27. Ke1 Qh1+ 28. Ke2 Re8+ 29. Ne4 Rxe4+ 0-1

[Event "C.to Provinciale CO"]
[Site "Mariano Comense ITA"]
[Date "2005.03.13"]
[Round "5"]
[White "Bernasconi, Roberto"]
[Black "Pede, Lucio"]
[Result "1-0"]
[WhiteElo "1803"]
[BlackElo "1694"]
[PlyCount "57"]
[EventDate "2005.03.05"]

1. e4 e5 2. Nf3 Nc6 3. Nc3 d6 4. d4 Bg4 5. dxe5 Nxe5 6. Be2 Nxf3+ 7. Bxf3 Bxf3
8. Qxf3 Qf6 9. Qg3 O-O-O 10. Bg5 Qg6 11. Bxd8 Qxg3 12. hxg3 Kxd8 13. O-O-O Nf6
14. f3 g6 15. Rh3 Kc8 16. Rdh1 h5 17. g4 Bg7 18. gxh5 Rxh5 19. Nd5 Rxh3 20.
Rxh3 Nxd5 21. exd5 Be5 22. Rh7 f6 23. c4 a5 24. b3 b6 25. Kc2 f5 26. g4 fxg4
27. fxg4 g5 28. Kd3 Kd8 29. Ke4 1-0

[Event "C.to Provinciale CO"]
[Site "Mariano Comense ITA"]
[Date "2005.03.13"]
[Round "5"]
[White "Buonocore, Elio"]
[Black "Gagliardi, Christian"]
[Result "1/2-1/2"]
[WhiteElo "2170"]
[BlackElo "2091"]
[PlyCount "89"]
[EventDate "2005.03.05"]

1. e4 d6 2. d4 e5 3. c3 Nf6 4. Bd3 Nc6 5. Nf3 g6 6. h3 Bg7 7. Be3 O-O 8. Nbd2
a6 9. Qc2 exd4 10. Nxd4 Bd7 11. O-O Re8 12. Nxc6 Bxc6 13. Bd4 Nd7 14. Bxg7 Kxg7
15. Rae1 Qe7 16. b4 b6 17. Re3 f6 18. Bc4 Bb7 19. Rfe1 Qf8 20. Bd5 c6 21. Bb3
c5 22. Bd5 Bxd5 23. exd5 Rxe3 24. Rxe3 Ne5 25. f4 Nf7 26. Qe4 cxb4 27. cxb4 Nh6
28. g4 Qf7 29. Nf3 Kf8 30. Nd4 Re8 31. Ne6+ Kg8 32. Qd4 b5 33. Rc3 Rxe6 34.
dxe6 Qxe6 35. Qe3 Qxa2 36. g5 fxg5 37. fxg5 Nf7 38. Rc8+ Kg7 39. Qd4+ Ne5 40.
Qa7+ Nf7 41. Qd4+ Ne5 42. Rc7+ Kg8 43. Rc3 Qe6 44. Qa7 Nf7 45. Re3 1/2-1/2

[Event "C.to Provinciale CO"]
[Site "Mariano Comense ITA"]
[Date "2005.03.13"]
[Round "5"]
[White "Emoroso, Claudio"]
[Black "Concavo, Daniele"]
[Result "0-1"]
[WhiteElo "1790"]
[BlackElo "1482"]
[PlyCount "74"]
[EventDate "2005.03.05"]

1. e4 c5 2. Nf3 Nc6 3. d4 cxd4 4. Nxd4 Nf6 5. Nc3 e5 6. Nf3 Bb4 7. Bd2 O-O 8.
a3 Bc5 9. h3 d5 10. exd5 Nxd5 11. Nxd5 Qxd5 12. b4 Bb6 13. c4 Qe4+ 14. Qe2 Qg6
15. c5 Bc7 16. Be3 e4 17. Nd4 Ne5 18. Qd2 Nd3+ 19. Bxd3 exd3 20. g4 Re8 21.
O-O-O a5 22. b5 Re5 23. Nf3 Rd5 24. Qc3 Bd7 25. Nd4 Bd6 26. Nf5 Bxf5 27. gxf5
Qxf5 28. Rhg1 Be5 29. Qc4 Rad8 30. Kd2 Qf3 31. Qg4 Qf6 32. Rc1 Bb2 33. Rc4 Bxa3
34. Rb1 Bb4+ 35. Rbxb4 axb4 36. Rxb4 Qa1 37. c6 Qa2+ 0-1

[Event "C.to Provinciale CO"]
[Site "Mariano Comense ITA"]
[Date "2005.03.13"]
[Round "5"]
[White "Liscio, Giovanni"]
[Black "Revinelli, Sergio"]
[Result "1-0"]
[WhiteElo "1964"]
[BlackElo "1834"]
[PlyCount "71"]
[EventDate "2005.03.05"]

1. d4 d5 2. c4 c6 3. Nc3 e6 4. Nf3 Nf6 5. Bg5 dxc4 6. a4 Bb4 7. e3 b5 8. Be2
Nbd7 9. O-O Bxc3 10. bxc3 a6 11. Qc2 Bb7 12. e4 Qc8 13. e5 Nd5 14. Nd2 f5 15.
exf6 gxf6 16. Bh5+ Ke7 17. Bh4 Qg8 18. Bg3 Qg5 19. Bf3 f5 20. Bxd5 cxd5 21. Qb2
Bc6 22. Qb4+ Kf7 23. Nf3 Qe7 24. Bd6 Qd8 25. Rfe1 Re8 26. Re3 bxa4 27. Rae1 Qf6
28. Qb2 Bb5 29. Qe2 f4 30. Ne5+ Nxe5 31. Bxe5 Qg6 32. Rf3 Ke7 33. Rxf4 Qd3 34.
Qb2 Bd7 35. Qb4+ Kd8 36. Qb6+ 1-0

[Event "C.to Provinciale CO"]
[Site "Mariano Comense ITA"]
[Date "2005.03.13"]
[Round "5"]
[White "Mason, Giovanni"]
[Black "Grassetto, Gilberto"]
[Result "0-1"]
[WhiteElo "1556"]
[BlackElo "1724"]
[PlyCount "102"]
[EventDate "2005.03.05"]

1. f4 d5 2. d4 Nf6 3. Nd2 e6 4. e3 Nbd7 5. Ngf3 a6 6. Bd3 c5 7. c3 b5 8. O-O
Bb7 9. a4 c4 10. Bc2 b4 11. cxb4 Bxb4 12. b3 c3 13. Nb1 a5 14. Ba3 O-O 15. Bd3
Ba6 16. Bxb4 axb4 17. Ra2 Bxd3 18. Qxd3 Ra5 19. Ne1 Ne4 20. Rf3 Ndf6 21. Rh3
Qb6 22. Nf3 Rc8 23. Rc2 Qa6 24. Qd1 Ng4 25. Ne1 Ngf6 26. Nd3 Rb8 27. Ne5 Qb7
28. g4 g6 29. Rf3 Raa8 30. Qf1 Qc7 31. Qg2 Kh8 32. h4 Nd6 33. Nd2 Nfe4 34. Nf1
Nb7 35. Nd3 Na5 36. Nc1 Qe7 37. g5 f5 38. Rh3 Rc8 39. Qe2 Qd7 40. Qd1 Nd2 41.
Nxd2 cxd2 42. Qxd2 Rxc2 43. Qxc2 Rc8 44. Qb2 Rc3 45. Rf3 Qc6 46. Rf1 Rxe3 47.
Ne2 Rxb3 48. Qd2 Qxa4 49. Qe1 Nc4 50. Nc1 Re3 51. Qf2 b3 0-1

[Event "C.to Provinciale CO"]
[Site "Mariano Comense ITA"]
[Date "2005.03.13"]
[Round "5"]
[White "Napoli, Ferdinando"]
[Black "Dei Giudici, Paolo"]
[Result "1-0"]
[WhiteElo "1862"]
[BlackElo "1754"]
[PlyCount "61"]
[EventDate "2005.03.05"]

1. e4 e5 2. Nf3 Nc6 3. Bb5 a6 4. Ba4 Nf6 5. O-O Be7 6. Re1 b5 7. Bb3 O-O 8. c3
d6 9. h3 Na5 10. Bc2 c5 11. d4 cxd4 12. cxd4 Qc7 13. b3 Nd7 14. Bb2 Bf6 15. Nc3
Nb6 16. Rc1 Bb7 17. Qd2 Qd7 18. Nd5 Bxd5 19. dxe5 Nb7 20. exd5 dxe5 21. Rcd1
Rad8 22. Bxe5 Be7 23. Bb2 Nd6 24. Ne5 Qc7 25. Rc1 Qb7 26. Nc6 Rd7 27. Bxg7 Kxg7
28. Rxe7 Rh8 29. Rxd7 Nxd7 30. Qg5+ Kf8 31. Qe7+ 1-0

[Event "C.to Provinciale CO"]
[Site "Mariano Comense ITA"]
[Date "2005.03.13"]
[Round "5"]
[White "Perissinotto, Claudio"]
[Black "Rossi, Giampiero"]
[Result "1-0"]
[WhiteElo "2100"]
[BlackElo "2029"]
[PlyCount "71"]
[EventDate "2005.03.05"]

1. e4 c5 2. Nf3 e6 3. d4 cxd4 4. Nxd4 a6 5. Bd3 Nf6 6. Qe2 d6 7. c4 Be7 8. b3
O-O 9. Nc3 Bd7 10. O-O Nc6 11. Nxc6 Bxc6 12. Rd1 Qb8 13. Bb2 b6 14. Re1 Qb7 15.
Nd5 exd5 16. exd5 Rfe8 17. dxc6 Qxc6 18. Rad1 Rab8 19. Qc2 h6 20. Re3 Bd8 21.
Rde1 Rxe3 22. Rxe3 Ne8 23. Qe2 Bf6 24. Ba3 Nc7 25. Be4 Qd7 26. Rd3 Be7 27. Bb2
Bf8 28. Rg3 Re8 29. Qd3 f5 30. Bd5+ Nxd5 31. Qxd5+ Qe6 32. Qxe6+ Rxe6 33. Kf1
b5 34. cxb5 axb5 35. Rd3 g5 36. Rd5 1-0

[Event "C.to Provinciale CO"]
[Site "Mariano Comense ITA"]
[Date "2005.03.13"]
[Round "5"]
[White "Piemonti, Carlo"]
[Black "Molteni, Costantino"]
[Result "1-0"]
[WhiteElo "1850"]
[BlackElo "1986"]
[PlyCount "77"]
[EventDate "2005.03.05"]

1. e4 Nf6 2. e5 Nd5 3. d4 d6 4. c4 Nb6 5. exd6 exd6 6. Nf3 Be7 7. h3 O-O 8. Bd3
Re8 9. O-O Bf6 10. Nc3 Nc6 11. Be3 Nb4 12. b3 Nxd3 13. Qxd3 g6 14. Ne4 Bg7 15.
Ng3 c6 16. Rad1 d5 17. c5 Nd7 18. Qd2 Nf8 19. Rfe1 Ne6 20. Bh6 Bd7 21. Ne5 Bh8
22. h4 Nxc5 23. Nxf7 Kxf7 24. Rxe8 Bxe8 25. Bg5 Bf6 26. dxc5 Kg7 27. Re1 Bf7
28. Qf4 Bxg5 29. hxg5 Qf8 30. Qf6+ Kg8 31. Re7 Rb8 32. b4 a6 33. a3 b5 34. Rc7
Be8 35. Qe6+ Kh8 36. Re7 Ra8 37. Nf1 a5 38. bxa5 Qg8 39. Qf6+ 1-0

[Event "C.to Provinciale CO"]
[Site "Mariano Comense ITA"]
[Date "2005.03.13"]
[Round "5"]
[White "Viale, Fabio"]
[Black "Bellotto, Stefano"]
[Result "0-1"]
[WhiteElo "1577"]
[BlackElo "2041"]
[PlyCount "80"]
[EventDate "2005.03.05"]

1. d4 d6 2. c4 f5 3. Nf3 Nf6 4. Nc3 g6 5. g3 Bg7 6. Bg2 O-O 7. O-O Qe8 8. Qc2
e5 9. dxe5 dxe5 10. Rd1 c6 11. b3 Qe7 12. Bb2 Na6 13. a3 Nc5 14. b4 Nce4 15.
Nxe4 Nxe4 16. Nd2 Nd6 17. a4 Nf7 18. c5 Be6 19. Nb3 Bxb3 20. Qxb3 Rad8 21. Rxd8
Rxd8 22. Rd1 e4 23. Bxg7 Kxg7 24. Qc3+ Qf6 25. Qxf6+ Kxf6 26. Rxd8 Nxd8 27. e3
Ke5 28. Bf1 Ne6 29. Bc4 Ng5 30. Kg2 Nf3 31. h4 Ne1+ 32. Kh3 Nd3 33. f4+ Kf6 34.
g4 Nf2+ 35. Kg3 Nxg4 36. b5 Nxe3 37. Bb3 Nd5 38. Bxd5 cxd5 39. c6 bxc6 40. bxc6
Ke6 0-1

[Event "C.to Provinciale CO"]
[Site "Mariano Comense ITA"]
[Date "2005.03.13"]
[Round "6"]
[White "Bellotto, Stefano"]
[Black "Liscio, Giovanni"]
[Result "1-0"]
[WhiteElo "2041"]
[BlackElo "1964"]
[PlyCount "33"]
[EventDate "2005.03.05"]

1. e4 c5 2. Nf3 d6 3. d3 g6 4. g3 Bg7 5. Bg2 Nc6 6. O-O Nf6 7. Re1 e5 8. Nbd2
O-O 9. c3 b5 10. a4 b4 11. Nc4 Rb8 12. Bg5 h6 13. Bxf6 Qxf6 14. Ne3 Be6 15. Nd2
Qe7 16. Ndc4 f5 17. exf5 1-0

[Event "C.to Provinciale CO"]
[Site "Mariano Comense ITA"]
[Date "2005.03.13"]
[Round "6"]
[White "Bernasconi, Roberto"]
[Black "Rossi, Giampiero"]
[Result "0-1"]
[WhiteElo "1803"]
[BlackElo "2029"]
[PlyCount "110"]
[EventDate "2005.03.05"]

1. e4 c5 2. Nf3 e6 3. d4 cxd4 4. Nxd4 a6 5. c4 Nf6 6. Nc3 Qc7 7. Be2 Nc6 8. Be3
Bb4 9. f3 Ne5 10. Qb3 Bc5 11. Rd1 O-O 12. O-O d6 13. Kh1 Bd7 14. f4 Nc6 15. e5
Nxd4 16. Bxd4 Bxd4 17. Rxd4 dxe5 18. fxe5 Qxe5 19. Qd1 Bc6 20. Bf3 Rac8 21.
Bxc6 Rxc6 22. Qd3 h6 23. Rd1 Qc7 24. Ne4 Nxe4 25. Qxe4 b5 26. b3 bxc4 27. bxc4
e5 28. Rd5 Rxc4 29. Qxe5 Qxe5 30. Rxe5 Ra4 31. Rd2 Rc8 32. Kg1 Rc1+ 33. Kf2
Rac4 34. Kf3 R1c3+ 35. Re3 Rxe3+ 36. Kxe3 Rc6 37. g3 Kh7 38. h4 Kg6 39. Rd4 f6
40. Kf4 h5 41. a4 Rc5 42. Kf3 a5 43. g4 hxg4+ 44. Rxg4+ Kf7 45. Rd4 Rc3+ 46.
Ke4 Ke6 47. Kf4 Rb3 48. Re4+ Kf7 49. Kg4 g6 50. Kf4 Rh3 51. Kg4 f5+ 52. Kxh3
fxe4 53. Kg4 Ke6 54. Kf4 Kd5 55. Ke3 Ke5 0-1

[Event "C.to Provinciale CO"]
[Site "Mariano Comense ITA"]
[Date "2005.03.13"]
[Round "6"]
[White "Buonocore, Elio"]
[Black "Perissinotto, Claudio"]
[Result "1-0"]
[WhiteElo "2170"]
[BlackElo "2100"]
[PlyCount "123"]
[EventDate "2005.03.05"]

1. e4 c5 2. Nf3 d6 3. d4 cxd4 4. Nxd4 Nf6 5. Nc3 g6 6. Be3 Bg7 7. f3 O-O 8. Qd2
Nc6 9. O-O-O d5 10. exd5 Nxd5 11. Nxc6 bxc6 12. Bd4 e5 13. Bc5 Be6 14. Ne4 Re8
15. Bc4 Nf4 16. Qxd8 Raxd8 17. Rxd8 Rxd8 18. Bxe6 Nxe6 19. Bxa7 Ra8 20. Be3
Rxa2 21. Kb1 Ra8 22. Rd1 Rd8 23. Rxd8+ Nxd8 24. Ka2 f5 25. Nc5 Kf7 26. Kb3 Ne6
27. Kc4 Nc7 28. b4 Ke7 29. Kd3 Nd5 30. Bd2 Kd6 31. c4 Nc7 32. Be3 Bf6 33. Na4
Ne6 34. Nc5 Nc7 35. Kc2 Be7 36. Kb3 Na8 37. Na6 Bd8 38. Ka4 Nc7 39. Bc5+ Ke6
40. Nb8 Bg5 41. Nxc6 e4 42. fxe4 fxe4 43. b5 e3 44. Nd4+ Kd7 45. Nf3 Ne6 46.
Bb4 Bf4 47. g3 Bd6 48. Bxd6 Kxd6 49. Kb4 e2 50. Kc3 Kc5 51. Kd2 e1=Q+ 52. Nxe1
Kxc4 53. b6 Nd8 54. Ke3 Kc5 55. Ke4 Kxb6 56. Ke5 Kc6 57. Nf3 Kd7 58. Kf6 Ne6
59. h4 Nc5 60. Kg7 Ne4 61. g4 Ke6 62. Ng5+ 1-0

[Event "C.to Provinciale CO"]
[Site "Mariano Comense ITA"]
[Date "2005.03.13"]
[Round "6"]
[White "Concavo, Daniele"]
[Black "Molteni, Costantino"]
[Result "0-1"]
[WhiteElo "1482"]
[BlackElo "1986"]
[PlyCount "43"]
[EventDate "2005.03.05"]

1. e4 Nf6 2. e5 Nd5 3. c4 Nb6 4. d4 d6 5. f4 dxe5 6. fxe5 Nc6 7. Be3 Bf5 8. Nf3
e6 9. Nc3 Qd7 10. Be2 Rd8 11. O-O Bg4 12. Ng5 Bxe2 13. Nxe2 Nxc4 14. Rxf7 Be7
15. Bf2 h6 16. Qd3 N4xe5 17. Qh3 hxg5 18. Qxh8+ Kxf7 19. Qh5+ Ng6 20. Rf1 Bf6
21. h4 Rh8 22. Qg4 0-1

[Event "C.to Provinciale CO"]
[Site "Mariano Comense ITA"]
[Date "2005.03.13"]
[Round "6"]
[White "Emoroso, Claudio"]
[Black "Raineri, Pieroberto"]
[Result "1-0"]
[WhiteElo "1790"]
[BlackElo "1583"]
[PlyCount "81"]
[EventDate "2005.03.05"]

1. e4 c5 2. Nf3 Nc6 3. d4 cxd4 4. Nxd4 Nf6 5. Nxc6 bxc6 6. Bd3 d6 7. O-O Bg4 8.
f3 Qb6+ 9. Kh1 Be6 10. Qe2 g6 11. c3 Bg7 12. Nd2 O-O 13. Nc4 Bxc4 14. Bxc4 Rfe8
15. e5 dxe5 16. Qxe5 Nd5 17. Qe2 Rad8 18. Bxd5 cxd5 19. Be3 Qb7 20. Rad1 e5 21.
Qf2 Rd7 22. Rd2 f5 23. Rfd1 Red8 24. Qe2 Qc6 25. Bg5 Rc8 26. Be3 h6 27. f4 e4
28. g4 Rf8 29. gxf5 Rxf5 30. Qg2 Kh7 31. a3 Qc4 32. Rg1 Rd6 33. Bxa7 Rxf4 34.
Bb8 Rff6 35. Bxd6 Rxd6 36. Qg3 Rf6 37. Rf2 Re6 38. Qg4 d4 39. cxd4 Qxd4 40.
Qxe6 Qxf2 41. Qxg6+ 1-0

[Event "C.to Provinciale CO"]
[Site "Mariano Comense ITA"]
[Date "2005.03.13"]
[Round "6"]
[White "Gagliardi, Christian"]
[Black "Piemonti, Carlo"]
[Result "1/2-1/2"]
[WhiteElo "2091"]
[BlackElo "1850"]
[PlyCount "106"]
[EventDate "2005.03.05"]

1. e4 c5 2. Nf3 d6 3. d4 cxd4 4. Nxd4 Nf6 5. Nc3 Nc6 6. Bc4 Qb6 7. Nb3 e6 8.
Be3 Qc7 9. Be2 Be7 10. O-O a6 11. a4 b6 12. f4 O-O 13. Bf3 Bb7 14. Qe1 Nd7 15.
Rd1 Nc5 16. Qf2 Rac8 17. Rd2 Nd7 18. Rfd1 Rfd8 19. Qg3 Nc5 20. Nd4 Bf8 21. f5
Ne5 22. fxe6 fxe6 23. Be2 Re8 24. Qh3 Qe7 25. Bf2 Ng6 26. Qg3 Bxe4 27. b4 e5
28. bxc5 exd4 29. cxd6 Qxd6 30. Nxe4 Rxe4 31. Qxd6 Bxd6 32. Bxa6 Rf8 33. Bd3
Rg4 34. h3 Rg5 35. Bxg6 Rxg6 36. Bxd4 Bb4 37. c3 Bc5 38. Bxc5 bxc5 39. Rd5 Rc6
40. Ra1 Rc7 41. a5 Kf7 42. c4 Ra8 43. Kf2 Re8 44. Kf3 g6 45. Rb1 Kf6 46. Rb5
Rec8 47. Ke4 Re7+ 48. Kf4 h6 49. Rdxc5 g5+ 50. Kf3 Rce8 51. Rc6+ Kg7 52. Rb3
Re1 53. Rb7+ Kg8 1/2-1/2

[Event "C.to Provinciale CO"]
[Site "Mariano Comense ITA"]
[Date "2005.03.13"]
[Round "6"]
[White "Grassetto, Gilberto"]
[Black "Corti, Filippo"]
[Result "0-1"]
[WhiteElo "1724"]
[BlackElo "1640"]
[PlyCount "88"]
[EventDate "2005.03.05"]

1. d4 Nf6 2. c4 g6 3. Nc3 Bg7 4. e4 d6 5. Be2 O-O 6. h4 e5 7. d5 h5 8. Bg5 c6
9. f3 cxd5 10. cxd5 Qa5 11. Qd2 Bd7 12. Nh3 Na6 13. Nf2 Rac8 14. Rb1 Qc7 15. g4
Nc5 16. Bxf6 Bxf6 17. gxh5 Kg7 18. hxg6 fxg6 19. h5 g5 20. Bb5 a6 21. Bxd7 Nxd7
22. Ng4 Qd8 23. Ke2 b5 24. Rbg1 b4 25. Nd1 Rc4 26. Nde3 Rc7 27. Nf5+ Kh8 28.
Nxd6 Nc5 29. Nf5 Qb8 30. Nxf6 Qb5+ 31. Kd1 Rxf6 32. Rxg5 Nd3 33. Rhg1 Rxf5 34.
Rxf5 Rc1+ 35. Qxc1 Nxc1 36. Kxc1 Qc5+ 37. Kd2 Qxg1 38. Kc2 Qd4 39. Kb3 a5 40.
a3 bxa3 41. bxa3 a4+ 42. Kc2 Qc4+ 43. Kd1 Qb3+ 44. Ke2 Qxa3 0-1

[Event "C.to Provinciale CO"]
[Site "Mariano Comense ITA"]
[Date "2005.03.13"]
[Round "6"]
[White "Pede, Lucio"]
[Black "Viale, Fabio"]
[Result "1-0"]
[WhiteElo "1694"]
[BlackElo "1577"]
[PlyCount "78"]
[EventDate "2005.03.05"]

1. e4 c5 2. Bc4 e6 3. Nf3 Nc6 4. O-O Be7 5. d4 d5 6. exd5 exd5 7. Bb5 Nf6 8.
dxc5 Bxc5 9. Re1+ Be6 10. Be3 Bxe3 11. Rxe3 O-O 12. Bxc6 bxc6 13. Ne5 Qc8 14.
Na3 Ng4 15. Nxg4 Bxg4 16. Qd4 Be6 17. Rg3 g6 18. Rc3 Qb7 19. b3 Qa6 20. Nb1 Bf5
21. g4 Rfe8 22. Nd2 Bd7 23. Rh3 Qe2 24. Rg3 Re7 25. Qd3 Bxg4 26. Qxe2 Bxe2 27.
Rc3 Re6 28. b4 Rae8 29. Nb3 Re4 30. a3 h5 31. Nc5 Rc4 32. Rxc4 dxc4 33. Re1 Re5
34. f4 Rxc5 35. bxc5 Bf3 36. Re7 Bd1 37. c3 f6 38. Rxa7 g5 39. fxg5 fxg5 1-0

[Event "C.to Provinciale CO"]
[Site "Mariano Comense ITA"]
[Date "2005.03.13"]
[Round "6"]
[White "Revinelli, Sergio"]
[Black "Napoli, Ferdinando"]
[Result "1/2-1/2"]
[WhiteElo "1834"]
[BlackElo "1862"]
[PlyCount "51"]
[EventDate "2005.03.05"]

1. e4 c5 2. Nf3 d6 3. d4 cxd4 4. Nxd4 Nf6 5. Nc3 a6 6. Be2 e6 7. a4 Nc6 8. Be3
Be7 9. O-O O-O 10. Kh1 Qc7 11. f4 Re8 12. Nb3 b6 13. Bf3 Bb7 14. Qe2 Rac8 15.
Qf2 Nd7 16. Rfd1 Bf6 17. Nd4 Na5 18. Be2 Nc4 19. Bxc4 Qxc4 20. Qe2 Qc7 21. Re1
Bh4 22. Bf2 Bxf2 23. Qxf2 Qc5 24. Kg1 Nf6 25. Nb3 Qxf2+ 26. Kxf2 1/2-1/2

[Event "V Open Alta Padovana B"]
[Site "Loreggia ITA"]
[Date "2005.02.25"]
[Round "1"]
[White "Basso, Piergiorgio"]
[Black "Scarangella, Luca"]
[Result "1-0"]
[WhiteElo "1700"]
[BlackElo "1497"]
[PlyCount "122"]
[EventDate "2005.02.25"]

1. e4 c6 2. d4 d5 3. e5 Bf5 4. Bd3 Bxd3 5. Qxd3 e6 6. Nf3 h6 7. O-O Nd7 8. Be3
Qb6 9. Nbd2 c5 10. Qb3 cxd4 11. Bxd4 Qxb3 12. Nxb3 b6 13. Rac1 Rc8 14. Nbd2 Bc5
15. Rfe1 Ne7 16. c4 Bxd4 17. Nxd4 O-O 18. Nb5 dxc4 19. Nxc4 Nc5 20. Nxa7 Ra8
21. Nxb6 Rxa7 22. Rxc5 Rxa2 23. Nc4 Rfa8 24. Rb5 Ng6 25. g3 Ra1 26. Kf1 Rxe1+
27. Kxe1 Ra1+ 28. Ke2 Rc1 29. Ne3 Kf8 30. f4 f5 31. exf6 gxf6 32. Rb8+ Kf7 33.
Rb7+ Ne7 34. Ng4 h5 35. Nh6+ Ke8 36. h4 Rc2+ 37. Kf3 Kf8 38. g4 hxg4+ 39. Nxg4
f5 40. Ne3 Rh2 41. Kg3 Rh1 42. Nc4 Ng6 43. Ne5 Nxe5 44. fxe5 Rg1+ 45. Kf3 Rg4
46. h5 Rh4 47. Rh7 Rb4 48. Rh6 Kf7 49. Rf6+ Ke7 50. h6 Rxb2 51. Kg3 Rb1 52. Kh4
Rh1+ 53. Kg5 Rg1+ 54. Kh5 Rh1+ 55. Kg6 Rg1+ 56. Kh7 Re1 57. Kg7 Rg1+ 58. Rg6
Rxg6+ 59. Kxg6 f4 60. h7 f3 61. h8=Q f2 1-0

[Event "V Open Alta Padovana B"]
[Site "Loreggia ITA"]
[Date "2005.02.25"]
[Round "1"]
[White "Bellemo, Davide"]
[Black "Scandiuzzi, Roberto"]
[Result "1-0"]
[WhiteElo "1742"]
[BlackElo "1560"]
[PlyCount "65"]
[EventDate "2005.02.25"]

1. d4 Nf6 2. c4 e6 3. Nc3 Bb4 4. Bd2 O-O 5. g3 c6 6. Bg2 d5 7. c5 h6 8. e3 Re8
9. Nf3 Nbd7 10. a3 Bxc3 11. Bxc3 Ne4 12. Qc2 b5 13. cxb6 Nxc3 14. Qxc3 Qxb6 15.
O-O Bb7 16. b4 a6 17. Rfc1 Rec8 18. Nd2 a5 19. Rab1 a4 20. Nf3 Qd8 21. Ne1 Ba6
22. Nd3 Bxd3 23. Qxd3 Nb8 24. Rc3 Qd7 25. Rbc1 Qb7 26. Bf1 Nd7 27. Qc2 e5 28.
b5 Nb8 29. dxe5 Qc7 30. Rb1 Qxe5 31. bxc6 Qxc3 32. Qxc3 Rxc6 33. Rxb8+ 1-0

[Event "V Open Alta Padovana B"]
[Site "Loreggia ITA"]
[Date "2005.02.25"]
[Round "1"]
[White "Bressan, Marco"]
[Black "Baldi, Giancarlo"]
[Result "1-0"]
[WhiteElo "1587"]
[BlackElo "1760"]
[PlyCount "129"]
[EventDate "2005.02.25"]

1. d4 Nf6 2. c4 g6 3. Nc3 d5 4. cxd5 Nxd5 5. e4 Nxc3 6. bxc3 Bg7 7. Bc4 c5 8.
Ne2 Nc6 9. d5 Ne5 10. Bf4 Qa5 11. Qb3 O-O 12. Bxe5 Bxe5 13. f4 Bg7 14. O-O a6
15. a4 Rb8 16. e5 Qc7 17. Bd3 b5 18. axb5 axb5 19. Bxb5 Bg4 20. Qc4 Bxe2 21.
Qxe2 c4 22. Bxc4 Rfc8 23. Ra4 Rd8 24. Rc1 Bh6 25. g3 Rb7 26. Ba6 Rb6 27. c4
Rdb8 28. c5 Rb2 29. Rc2 Rb1+ 30. Kg2 Qd7 31. Rd4 Ra1 32. c6 Qc7 33. d6 exd6 34.
exd6 Qa7 35. c7 Rf8 36. c8=Q Qxd4 37. d7 Rg1+ 38. Kh3 Bxf4 39. gxf4 Qxf4 40.
Qxf8+ Kxf8 41. d8=Q+ Kg7 42. Qh4 Qf5+ 43. Qeg4 Rxg4 44. Qxg4 Qxc2 45. Qd4+ Kg8
46. Bc4 Qf5+ 47. Kg3 Qg5+ 48. Kh3 h5 49. Be2 Qf5+ 50. Kh4 Qe6 51. Bf3 Qe1+ 52.
Kg5 Qe7+ 53. Kh6 Qf8+ 54. Kg5 Qe7+ 55. Kh6 Qf8+ 56. Kg5 Qe7+ 57. Qf6 Qe3+ 58.
Qf4 Qg1+ 59. Kh6 Qb6 60. Qe5 g5+ 61. Kxg5 Qg6+ 62. Kh4 Qh6 63. Qb8+ Kg7 64.
Qe5+ Kf8 65. Qg5 {...} 1-0